00511pam a2200193 a 4500001000800000005001700008008004100025010001700066020001500083040002300098041000800121060001700129080001500146082001900161100000600180101000800186245009300194504003000287242381420180131081539.0880105s1988 nyua b 001 0 eng c a 87037651  a082616000X aDNLM/DLCcDLCdDLC aeng aWM 220 T7847 a616.83 JAR00a616.83 JAR219 a7 aNEU00aTreatments for the Alzheimer patient :cLissy F. Jarvik, Carol Hutner Winograd, editors. aBibliography: p. 221-247.